000 00587nam a2200217Ia 4500
005 20241129111426.0
008 241129s9999||||xx |||||||||||||| ||und||
020 _a978-93-90887-84-2
037 _aTB
040 _aCRL
_beng
_cCRL
041 _aurd
_2urd
084 _aO168,1N74x R3
_qCRL
100 _aAhan Akhlaque Ahmad Au.
_9724392
245 0 _aKharabaat
_cAhan Akhlaque Ahmad Au.
260 _aLucknow, India
_bMatterlink
_c2023
300 _a159p.
365 _aINR
_b400
650 _aUrdu Poetry
942 _cTB
_hO168,1N74x R3
999 _c1230417
_d1230417